[Event "Rated Blitz game"]
[Site "?"]
[Date "2021.05.11"]
[Round "?"]
[White "Mascara29"]
[Black "pasha1984"]
[Result "0-1"]
[WhiteElo "2390"]
[BlackElo "2400"]
[PlyCount "112"]
[EventDate "2021.??.??"]
[EventType "blitz"]

1. e4 e5 2. Nf3 d5 3. exd5 e4 4. Nd4 Nf6 5. Nc3 c6 6. d3 Bb4 7. dxe4 O-O 8. Bd2
Bxc3 9. bxc3 Re8 10. Bd3 cxd5 11. O-O dxe4 12. Bb5 Bd7 13. Bg5 Re5 14. Bxf6
Qxf6 15. Rb1 Bxb5 16. Rxb5 Rxb5 17. Nxb5 Nc6 18. Qd7 Qe7 19. Qxe7 Nxe7 20. Rd1
a6 21. Na3 Nc6 22. Kf1 Rd8 23. Rb1 b5 24. Ke2 f5 25. g3 Kf7 26. Ke3 Ke6 27. Rb3
Na5 28. Rb4 Nc6 29. Rb3 Na5 30. Rb4 Rc8 31. Nb1 Nc4+ 32. Ke2 Rc5 33. a4 g5 34.
axb5 axb5 35. Nd2 Nxd2 36. Kxd2 Ke5 37. Rd4 f4 38. Rd7 h5 39. Re7+ Kf5 40. Rf7+
Kg4 41. gxf4 gxf4 42. h4 Kf3 43. Rf6 Rd5+ 44. Ke1 Rc5 45. Kd2 Rd5+ 46. Ke1 e3
47. fxe3 Kxe3 48. Re6+ Kf3 49. Rf6 Re5+ 50. Kf1 Rc5 51. Ke1 Rxc3 52. Kd2 Rc5
53. Re6 Rd5+ 54. Ke1 Rd4 55. Re5 Re4+ 56. Rxe4 Kxe4 {Normal} 0-1

[Event "Rated Blitz game"]
[Site "?"]
[Date "2021.05.11"]
[Round "?"]
[White "AliElier"]
[Black "jsequera"]
[Result "0-1"]
[WhiteElo "2352"]
[BlackElo "2455"]
[PlyCount "106"]
[EventDate "2021.??.??"]
[EventType "blitz"]

1. e4 e5 2. Nf3 d5 3. exd5 e4 4. Nd4 Qxd5 5. Nb3 Nc6 6. Nc3 Qe5 7. Bc4 Bd6 8.
Qe2 Nf6 9. d3 exd3 10. Bxd3 O-O 11. Be3 Ng4 12. Bd2 Re8 13. f3 Bf5 14. fxg4 Qf6
15. gxf5 Rxe2+ 16. Bxe2 Qh4+ 17. Kd1 Rd8 18. Kc1 a5 19. a4 Nb4 20. Ra3 b6 21.
Kb1 Be7 22. Bc1 Bf6 23. Nd2 Qd4 24. Nde4 Be7 25. Rd1 Qe5 26. Rxd8+ Bxd8 27. Bf3
Qxh2 28. Nb5 Qe5 29. Rd3 Be7 30. Rd7 h6 31. Rxc7 Bh4 32. f6 gxf6 33. Bxh6 Nd5
34. Rc8+ Kh7 35. Bc1 f5 36. Nec3 Nb4 37. Rf8 Kg7 38. Ra8 Bf6 39. Ra7 f4 40. Rc7
Na6 41. Ra7 Nc5 42. Bh5 Be7 43. Bf3 Bf6 44. Nd5 Nxa4 45. Nxf6 Kxf6 46. c3 Qxb5
47. Bd1 Nxc3+ 48. Kc2 Nxd1 49. Kxd1 Qd3+ 50. Bd2 Qf1+ 51. Kc2 Qxg2 52. Ra6 Qe4+
53. Kc1 Qc4+ {Normal} 0-1

[Event "Rated Blitz game"]
[Site "?"]
[Date "2021.05.11"]
[Round "?"]
[White "TheCabanyal"]
[Black "GoughPhar"]
[Result "1-0"]
[WhiteElo "2308"]
[BlackElo "2406"]
[PlyCount "61"]
[EventDate "2021.??.??"]
[EventType "blitz"]

1. e4 e5 2. Nf3 d5 3. exd5 e4 4. Qe2 Nf6 5. d3 Qxd5 6. dxe4 Nxe4 7. Nc3 Bb4 8.
Bd2 Bxc3 9. Bxc3 O-O 10. Qd3 Nxc3 11. bxc3 Re8+ 12. Be2 Qe6 13. Ng5 Qh6 14. h4
Nc6 15. O-O-O f6 16. Qd5+ Kh8 17. f4 fxg5 18. hxg5 Qe6 19. Qd3 Qe4 20. Qxe4
Rxe4 21. Bd3 Bf5 22. g4 Rxf4 23. Bxf5 Ne5 24. Bxh7 Nxg4 25. Rd7 Nf2 26. Rh5 g6
27. Bxg6+ Kg8 28. Rhh7 Ng4 29. Rdg7+ Kf8 30. Rxc7 Ne5 31. Rh8# {Normal} 1-0

[Event "Rated Blitz game"]
[Site "?"]
[Date "2021.05.11"]
[Round "?"]
[White "Tugaichess"]
[Black "blastol"]
[Result "1-0"]
[WhiteElo "2329"]
[BlackElo "2413"]
[PlyCount "113"]
[EventDate "2021.??.??"]
[EventType "blitz"]

1. e4 e5 2. Nf3 d5 3. exd5 Bd6 4. d4 e4 5. Qe2 Nf6 6. Nc3 Qe7 7. Ne5 O-O 8. Bg5
Bf5 9. O-O-O Re8 10. f3 Bxe5 11. dxe5 Qxe5 12. Bxf6 Qxf6 13. fxe4 Bxe4 14. Nxe4
Qf4+ 15. Qd2 Qxe4 16. Bd3 Qa4 17. Kb1 Nd7 18. Qc3 Ne5 19. Qxc7 Rac8 20. Qxb7
Nxd3 21. cxd3 Qc2+ 22. Ka1 Rb8 23. Rde1 Qxg2 24. Rxe8+ Rxe8 25. Rb1 Qxh2 26.
Qxa7 Qd6 27. Qd4 h5 28. Rc1 g6 29. a3 Rd8 30. Rc5 Qg3 31. Qc4 Rd6 32. Rc6 Rd7
33. Rc8+ Kg7 34. Qc3+ f6 35. Qc6 Qd6 36. Qa8 h4 37. Rg8+ Kh6 38. Rh8+ Kg5 39.
Qa5 Qxd5 40. Qd2+ Kg4 41. Qe2+ Qf3 42. Rxh4+ Kg3 43. Rh3+ Kxh3 44. Qxf3+ Kh4
45. Qxf6+ Kh5 46. Qe5+ Kh6 47. d4 Rf7 48. Qe6 Rf1+ 49. Ka2 Rd1 50. d5 Kh5 51.
d6 g5 52. d7 g4 53. Qe8+ Kh4 54. d8=Q+ Kg3 55. Qxd1 Kh2 56. Qf1 g3 57. Qh8# {
Normal} 1-0

[Event "Rated Blitz game"]
[Site "?"]
[Date "2021.05.11"]
[Round "?"]
[White "skakist1s"]
[Black "GoughPhar"]
[Result "1-0"]
[WhiteElo "2393"]
[BlackElo "2412"]
[PlyCount "27"]
[EventDate "2021.??.??"]
[EventType "blitz"]

1. e4 e5 2. Nf3 d5 3. d4 dxe4 4. Nxe5 Bd6 5. Nc4 Nf6 6. Be2 Nc6 7. c3 Bf5 8.
Bg5 Be7 9. O-O Nd5 10. Bxe7 Qxe7 11. Ne3 Nxe3 12. fxe3 O-O-O 13. Rxf5 g5 14.
Nd2 {Normal} 1-0

[Event "Rated Blitz game"]
[Site "?"]
[Date "2021.05.11"]
[Round "?"]
[White "persian_golff"]
[Black "Akbas_Kaan"]
[Result "1-0"]
[WhiteElo "2544"]
[BlackElo "2479"]
[PlyCount "85"]
[EventDate "2021.??.??"]
[EventType "blitz"]

1. e4 e5 2. Nf3 d5 3. Nc3 dxe4 4. Nxe4 Nf6 5. Nxf6+ gxf6 6. d4 Bg4 7. Be2 Nc6
8. d5 Ne7 9. h3 Bd7 10. c4 Rg8 11. g4 Ng6 12. Qb3 Bc5 13. Be3 b6 14. O-O-O Qe7
15. d6 Bxd6 16. c5 Bxc5 17. Rxd7 Qxd7 18. Rd1 Qe7 19. Bb5+ Kf8 20. Bh6+ Rg7 21.
Rd7 Qe8 22. Rxc7 Rc8 23. Bxe8 Rxc7 24. Bxg7+ Kxe8 25. Qb5+ Ke7 26. Kb1 Nf4 27.
g5 e4 28. Bxf6+ Ke6 29. Nd2 e3 30. Qc4+ Nd5 31. Qe4+ Kd6 32. Nc4+ Kc6 33. Ne5+
Kd6 34. fxe3 Rc8 35. Nxf7+ Kc6 36. Ne5+ Kb7 37. Qxd5+ Ka6 38. Qc4+ b5 39. Qe6+
Kb7 40. Qd7+ Rc7 41. Qd5+ Kb8 42. Nd7+ Kc8 43. Nxc5 {Time forfeit} 1-0

[Event "Rated Blitz tournament WpoW7rTc"]
[Site "?"]
[Date "2021.05.11"]
[Round "?"]
[White "TedIanMontoyo"]
[Black "Paretsky_Mikhail"]
[Result "1-0"]
[WhiteElo "2503"]
[BlackElo "2285"]
[PlyCount "111"]
[EventDate "2021.??.??"]
[EventType "blitz"]

1. e4 e5 2. Nf3 d5 3. d3 dxe4 4. dxe4 Qxd1+ 5. Kxd1 Nc6 6. h3 Be6 7. c3 O-O-O+
8. Kc2 f6 9. Be3 Nge7 10. Nbd2 Ng6 11. Bc4 Bxc4 12. Nxc4 Bd6 13. b4 Nce7 14.
Rad1 a6 15. a4 Rd7 16. Nfd2 Rhd8 17. Nb3 Nc6 18. b5 axb5 19. axb5 Nb8 20. Rd2
Be7 21. Rxd7 Rxd7 22. Ra1 Bd6 23. g3 Ne7 24. Ra8 b6 25. Ra7 f5 26. f3 h6 27. g4
f4 28. Bf2 g5 29. Nc1 Ng6 30. Nd3 Re7 31. Bxb6 cxb6 32. Nxd6+ Kd8 33. Rxe7 Nxe7
34. Nf7+ Kd7 35. Nxh6 Ke6 36. Nf5 Nxf5 37. gxf5+ Kf6 38. c4 Nd7 39. Kc3 Kf7 40.
Kb4 Kf6 41. c5 bxc5+ 42. Nxc5 Nxc5 43. Kxc5 g4 44. hxg4 Kg5 45. Kd5 Kh4 46. f6
Kg3 47. f7 Kxf3 48. Kxe5 Ke2 49. f8=Q f3 50. g5 f2 51. g6 f1=Q 52. Qxf1+ Kd2
53. g7 Kc3 54. g8=Q Kb4 55. Qgc4+ Ka3 56. Qa1# {Normal} 1-0

[Event "Rated Blitz tournament FFZ8roH6"]
[Site "?"]
[Date "2021.05.11"]
[Round "?"]
[White "Vusam"]
[Black "gmmds2694"]
[Result "0-1"]
[WhiteElo "2223"]
[BlackElo "2571"]
[PlyCount "102"]
[EventDate "2021.??.??"]
[EventType "blitz"]

1. e4 e5 2. Nf3 d5 3. exd5 Bd6 4. Bb5+ Bd7 5. Bxd7+ Nxd7 6. O-O Ngf6 7. d4 e4
8. Nfd2 O-O 9. c4 Re8 10. Nb3 h5 11. c5 Bf8 12. Bf4 Nxd5 13. Be3 h4 14. Nc3
N7f6 15. Nxd5 Qxd5 16. h3 Qf5 17. Nd2 Rad8 18. Qe2 Nd5 19. Nc4 Re6 20. Ne5 Bxc5
21. Nxf7 Qxf7 22. dxc5 Qf5 23. Qg4 Qxg4 24. hxg4 Rg6 25. Rfd1 c6 26. g5 Re8 27.
Bc1 e3 28. fxe3 Nxe3 29. Re1 Rge6 30. Bxe3 Rxe3 31. Rxe3 Rxe3 32. Kf2 Re5 33.
b4 Rxg5 34. Rd1 Rf5+ 35. Ke3 Rd5 36. Rxd5 cxd5 37. Kd4 g5 38. Kxd5 Kf7 39. Ke4
Ke6 40. a4 g4 41. Kf4 h3 42. Kg3 hxg2 43. Kxg2 Kd5 44. Kg3 a5 45. bxa5 Kxc5 46.
Kxg4 Kb4 47. a6 bxa6 48. Kf3 Kxa4 49. Ke2 Kb3 50. Kd1 Kb2 51. Kd2 a5 {Normal}
0-1

[Event "Rated Blitz tournament WpoW7rTc"]
[Site "?"]
[Date "2021.05.11"]
[Round "?"]
[White "TedIanMontoyo"]
[Black "cuerosky"]
[Result "1-0"]
[WhiteElo "2509"]
[BlackElo "2265"]
[PlyCount "51"]
[EventDate "2021.??.??"]
[EventType "blitz"]

1. e4 e5 2. Nf3 d5 3. d3 dxe4 4. dxe4 Qxd1+ 5. Kxd1 Bg4 6. Nbd2 Nc6 7. c3 O-O-O
8. Kc2 f5 9. h3 Bh5 10. exf5 Nf6 11. g4 Bf7 12. Bb5 e4 13. Ng5 Bd5 14. Re1 Bc5
15. Ndxe4 Nxe4 16. Nxe4 Bxe4+ 17. Rxe4 Bxf2 18. Bxc6 bxc6 19. Be3 Rhe8 20. Rxe8
Rxe8 21. Bxf2 Re2+ 22. Kb3 Rxf2 23. Re1 Rf3 24. Re7 Rxh3 25. Rxg7 Rh4 26. f6 {
Normal} 1-0

[Event "Rated Blitz game"]
[Site "?"]
[Date "2021.05.11"]
[Round "?"]
[White "positionaloldman"]
[Black "Fantastic_power06"]
[Result "0-1"]
[WhiteElo "2594"]
[BlackElo "2628"]
[PlyCount "134"]
[EventDate "2021.??.??"]
[EventType "blitz"]

1. e4 e5 2. Nf3 d5 3. exd5 e4 4. Qe2 Nf6 5. d3 Qxd5 6. dxe4 Qxe4 7. Nc3 Bb4 8.
Bd2 Qxe2+ 9. Bxe2 O-O 10. O-O-O Re8 11. Bd3 Nc6 12. Rhe1 Be6 13. Ng5 Nd4 14.
Nxe6 Nxe6 15. Ne4 Bxd2+ 16. Rxd2 Nxe4 17. Bxe4 Nc5 18. Rde2 Nxe4 19. Rxe4 Rxe4
20. Rxe4 Kf8 21. Rd4 Re8 22. Kd2 Re6 23. a4 Ke7 24. h4 Rd6 25. Kd3 Rb6 26. b3
Rf6 27. f3 Rg6 28. g4 Rf6 29. Ke3 Rc6 30. Kd3 Rf6 31. f4 h5 32. g5 Rc6 33. f5
Rc5 34. Rc4 Kd6 35. Rd4+ Kc6 36. Rc4 Kd5 37. Rd4+ Ke5 38. f6 gxf6 39. gxf6 Kxf6
40. b4 Rc6 41. Ke4 Rxc2 42. Rd7 Rc4+ 43. Kd5 Rxb4 44. Rxc7 Rxa4 45. Rxb7 Rxh4
46. Rxa7 Kg6 47. Ke5 Rg4 48. Ra6+ Kg7 49. Kf5 Rg6 50. Ra3 h4 51. Rh3 Rh6 52.
Kg5 f6+ 53. Kf5 Rh5+ 54. Kg4 Kg6 55. Rc3 h3 56. Rc1 h2 57. Rh1 Rh8 58. Kg3 Kg5
59. Rxh2 Rxh2 60. Kxh2 Kh4 61. Kg2 Kg4 62. Kf2 Kf4 63. Kf1 Kf3 64. Kg1 f5 65.
Kf1 f4 66. Kg1 Ke2 67. Kg2 f3+ {Time forfeit} 0-1

[Event "Rated Blitz game"]
[Site "?"]
[Date "2021.05.11"]
[Round "?"]
[White "welddar"]
[Black "GoughPhar"]
[Result "0-1"]
[WhiteElo "2320"]
[BlackElo "2403"]
[PlyCount "20"]
[EventDate "2021.??.??"]
[EventType "blitz"]

1. e4 e5 2. Nf3 d5 3. Nc3 Nf6 4. exd5 e4 5. Ne5 Bd6 6. d4 exd3 7. Nxd3 O-O 8.
Be2 c6 9. Bg5 cxd5 10. Nxd5 Qa5+ {Normal} 0-1

[Event "Rated Blitz game"]
[Site "?"]
[Date "2021.05.11"]
[Round "?"]
[White "Latiza82"]
[Black "BigLion5555"]
[Result "0-1"]
[WhiteElo "2430"]
[BlackElo "2564"]
[PlyCount "76"]
[EventDate "2021.??.??"]
[EventType "blitz"]

1. e4 e5 2. Nf3 d5 3. exd5 e4 4. Qe2 Nf6 5. d3 Qxd5 6. Nc3 Bb4 7. Bd2 Bxc3 8.
Bxc3 O-O 9. Bxf6 exf3 10. Qe5 Qxe5+ 11. Bxe5 Re8 12. d4 f6 13. Bc4+ Be6 14.
Bxe6+ Rxe6 15. gxf3 fxe5 16. O-O-O exd4 17. Rxd4 Nc6 18. Rd7 Re7 19. Rhd1 Kf7
20. R7d5 Rae8 21. c3 Re1 22. Rd7+ R8e7 23. Rxe1 Rxd7 24. b4 a6 25. Kc2 b5 26.
a4 Kf6 27. axb5 axb5 28. Re8 Ne5 29. f4 Nc4 30. Rf8+ Kg6 31. h4 Rd2+ 32. Kc1
Rxf2 33. Rc8 Rxf4 34. h5+ Kxh5 35. Rxc7 g6 36. Rc5+ Rf5 37. Rc7 h6 38. Rb7 Kg4
{Normal} 0-1

[Event "Rated Blitz tournament WpoW7rTc"]
[Site "?"]
[Date "2021.05.11"]
[Round "?"]
[White "LANATER2020"]
[Black "cuerosky"]
[Result "0-1"]
[WhiteElo "2416"]
[BlackElo "2236"]
[PlyCount "54"]
[EventDate "2021.??.??"]
[EventType "blitz"]

1. e4 e5 2. Nf3 d5 3. Nxe5 Bd6 4. d4 dxe4 5. Nc4 Nf6 6. Nxd6+ Qxd6 7. Be2 Bf5
8. c4 O-O 9. Nc3 Nc6 10. Be3 a6 11. O-O Rad8 12. d5 Ne7 13. Qb3 b6 14. Rfd1 Ng6
15. g3 h5 16. h4 Bg4 17. Bxg4 Nxg4 18. Nxe4 Qe5 19. Ng5 Nxh4 20. gxh4 Qh2+ 21.
Kf1 Rde8 22. Nf3 Qh3+ 23. Ke2 Qg2 24. Ne1 Qxf2+ 25. Kd3 Rxe3+ 26. Kd4 Rxb3+ 27.
Ke4 Re8# {Normal} 0-1

[Event "Rated Blitz tournament FFZ8roH6"]
[Site "?"]
[Date "2021.05.11"]
[Round "?"]
[White "The_Reptile"]
[Black "gmmds2694"]
[Result "0-1"]
[WhiteElo "2229"]
[BlackElo "2577"]
[PlyCount "98"]
[EventDate "2021.??.??"]
[EventType "blitz"]

1. e4 e5 2. Nf3 d5 3. Nxe5 Bd6 4. Nf3 dxe4 5. Ng1 Nf6 6. d3 O-O 7. Nc3 Bf5 8.
Be3 Nc6 9. dxe4 Nxe4 10. Nxe4 Bxe4 11. Nf3 Qf6 12. Bd3 Bxd3 13. Qxd3 Qxb2 14.
O-O Nb4 15. Qe4 Qxc2 16. Qg4 Qg6 17. Qc4 Nc2 18. Rab1 Na3 19. Qb3 Nxb1 20. Rxb1
b6 21. Nd4 Rae8 22. Nc6 Bxh2+ 23. Kxh2 Qxc6 24. Rc1 Qd6+ 25. g3 c5 26. Kg2 Qe6
27. Qc3 Qxa2 28. Ra1 Qd5+ 29. Kh2 Re7 30. Rh1 Rfe8 31. Kg1 Re4 32. Qc2 h6 33.
Qe2 c4 34. Qc2 b5 35. Kh2 b4 36. Rd1 Qh5+ 37. Kg2 c3 38. Rh1 Qd5 39. Kh2 Qc4
40. Kg2 b3 41. Qd1 b2 42. Bxh6 c2 43. Qh5 Qc6 44. Bxg7 Rh4+ 45. f3 Rxh5 46. Rh4
Rxh4 47. gxh4 c1=Q 48. Kh3 Qd2 49. f4 Qf3# {Normal} 0-1

[Event "Rated Blitz game"]
[Site "?"]
[Date "2021.05.11"]
[Round "?"]
[White "Inogamov_Nurbek"]
[Black "KamranShirazi"]
[Result "1-0"]
[WhiteElo "2388"]
[BlackElo "2539"]
[PlyCount "109"]
[EventDate "2021.??.??"]
[EventType "blitz"]

1. e4 e5 2. Nf3 d5 3. Nxe5 Bd6 4. d4 dxe4 5. f4 c5 6. dxc5 Bxe5 7. Qxd8+ Kxd8
8. fxe5 Nd7 9. Bf4 Nxc5 10. Bc4 Be6 11. Be2 f5 12. exf6 Nxf6 13. Nc3 Ke7 14.
O-O-O Rhd8 15. Bc7 Rd7 16. Rxd7+ Kxd7 17. Be5 Rc8 18. Rd1+ Ke7 19. h3 Ncd7 20.
Bd6+ Kf7 21. g4 h6 22. Bg3 a6 23. Rf1 Ke7 24. Bh4 g5 25. Bg3 b5 26. a3 Nc5 27.
Be5 Nfd7 28. Bd4 Rf8 29. Rd1 Rf4 30. Be3 Rf6 31. Bd4 Rf4 32. Be3 Rf8 33. Bd4
Rc8 34. Bg7 Kf7 35. Bxh6 Kg6 36. Rd6 Kxh6 37. Nxe4 Nxe4 38. Rxe6+ Nef6 39. Bd3
Kg7 40. Re7+ Kf8 41. Re6 Kf7 42. Rxa6 Rc7 43. Bxb5 Nc5 44. Rc6 Nd5 45. Rxc7+
Nxc7 46. Bc4+ Kf6 47. b4 Ne4 48. b5 Na8 49. a4 Nd6 50. Bd3 Nb6 51. a5 Na4 52.
b6 Nc5 53. a6 Nc8 54. b7 Na7 55. b8=Q {Normal} 1-0

[Event "Rated Blitz game"]
[Site "?"]
[Date "2021.05.11"]
[Round "?"]
[White "gmhungaski"]
[Black "PrincessOfFriendship"]
[Result "1-0"]
[WhiteElo "2651"]
[BlackElo "2677"]
[PlyCount "49"]
[EventDate "2021.??.??"]
[EventType "blitz"]

1. e4 e5 2. Nf3 d5 3. d4 dxe4 4. Nxe5 Bd6 5. Nc4 Nf6 6. Nc3 O-O 7. Bg5 Be7 8.
Qd2 Nc6 9. O-O-O Bf5 10. Ne3 Bg6 11. Be2 Nb4 12. Kb1 c6 13. g4 Nfd5 14. Bxe7
Qxe7 15. Ncxd5 Nxd5 16. h4 h6 17. g5 hxg5 18. hxg5 Qxg5 19. Rdg1 Qf6 20. Bc4
Rad8 21. Bxd5 cxd5 22. Ng4 Qf3 23. Nh6+ Kh8 24. Nf5+ Kg8 25. Ne7# {Normal} 1-0

[Event "Rated Blitz game"]
[Site "?"]
[Date "2021.05.10"]
[Round "?"]
[White "Jimonios"]
[Black "fuglfonix"]
[Result "1-0"]
[WhiteElo "2416"]
[BlackElo "2372"]
[PlyCount "37"]
[EventDate "2021.??.??"]
[EventType "blitz"]

1. e4 e5 2. Nf3 d5 3. exd5 e4 4. Qe2 Nf6 5. d3 Qxd5 6. Nc3 Bb4 7. Bd2 Bxc3 8.
Bxc3 O-O 9. Bxf6 exf3 10. Qe5 Qxe5+ 11. Bxe5 Re8 12. d4 f6 13. Bc4+ Kf8 14.
gxf3 fxe5 15. O-O-O exd4 16. Rxd4 Nc6 17. Rf4+ Ke7 18. Re1+ Kd6 19. Rxe8 {
Normal} 1-0

[Event "Rated Blitz game"]
[Site "?"]
[Date "2021.05.10"]
[Round "?"]
[White "capmega"]
[Black "Razario90"]
[Result "0-1"]
[WhiteElo "2337"]
[BlackElo "2410"]
[PlyCount "22"]
[EventDate "2021.??.??"]
[EventType "blitz"]

1. e4 e5 2. Nf3 d5 3. Nxe5 dxe4 4. d4 Bd6 5. Bc4 Bxe5 6. dxe5 Qxd1+ 7. Kxd1 Nc6
8. Bf4 Nge7 9. Re1 Bf5 10. f3 Ng6 11. fxe4 Bg4+ {Normal} 0-1

[Event "Rated Blitz game"]
[Site "?"]
[Date "2021.05.10"]
[Round "?"]
[White "gmftorres1"]
[Black "GoughPhar"]
[Result "0-1"]
[WhiteElo "2478"]
[BlackElo "2468"]
[PlyCount "70"]
[EventDate "2021.??.??"]
[EventType "blitz"]

1. e4 e5 2. Nf3 d5 3. Nxe5 Bd6 4. d4 dxe4 5. Nc4 Nf6 6. Nc3 Nc6 7. Bg5 O-O 8.
Be2 Bf5 9. a3 Re8 10. h3 h6 11. Be3 Ne7 12. Qd2 Ned5 13. Nxd6 Qxd6 14. O-O-O c6
15. Kb1 b5 16. g4 Be6 17. Rhg1 b4 18. axb4 Nxc3+ 19. Qxc3 Nd5 20. Qa3 Reb8 21.
c3 a5 22. c4 axb4 23. Qb3 Nc3+ 24. Kc2 Nxe2 25. Rge1 Nc3 26. Ra1 Nb5 27. d5
cxd5 28. c5 Qe5 29. Rxa8 Rxa8 30. Qxb4 d4 31. Bd2 d3+ 32. Kd1 Nd4 33. f4 Ra1+
34. Bc1 Qxf4 35. Qd2 Bb3+ {Normal} 0-1

[Event "Rated Blitz game"]
[Site "?"]
[Date "2021.05.10"]
[Round "?"]
[White "AfricanJo"]
[Black "Gifroy"]
[Result "1-0"]
[WhiteElo "2435"]
[BlackElo "2428"]
[PlyCount "91"]
[EventDate "2021.??.??"]
[EventType "blitz"]

1. e4 e5 2. Nf3 d5 3. exd5 e4 4. Qe2 Nf6 5. d3 Qxd5 6. Nbd2 Bf5 7. Nh4 Bg4 8.
f3 Qh5 9. fxg4 Qxh4+ 10. g3 Qxg4 11. Qxg4 Nxg4 12. Nxe4 Nc6 13. h3 Nge5 14. Bg2
O-O-O 15. Bf4 h6 16. O-O-O f6 17. Rhe1 Bb4 18. c3 Nxd3+ 19. Rxd3 Rxd3 20. cxb4
Nxb4 21. a3 Nd5 22. Bd2 Rd8 23. g4 b6 24. Bf1 Rd4 25. Ba6+ Kb8 26. Nc3 Nf4 27.
Bxf4 Rxf4 28. Re7 Rf3 29. Na2 c5 30. Rb7+ Ka8 31. Rxg7 Rxh3 32. Nc3 Rh2 33. Ne4
Re8 34. Kb1 Kb8 35. Nxf6 Re1+ 36. Ka2 Rf1 37. Rb7+ Kc8 38. Nd5 Rff2 39. Ne7+
Kd8 40. Nc6+ Ke8 41. Re7+ Kf8 42. Kb3 Rxb2+ 43. Kc4 Ra2 44. Kd5 Rxa3 45. Ke6
Rxa6 46. Rf7+ {Time forfeit} 1-0

[Event "Rated Blitz game"]
[Site "?"]
[Date "2021.05.10"]
[Round "?"]
[White "AyUsHaDoLsOnOv"]
[Black "GoughPhar"]
[Result "1-0"]
[WhiteElo "2561"]
[BlackElo "2447"]
[PlyCount "141"]
[EventDate "2021.??.??"]
[EventType "blitz"]

1. e4 e5 2. Nf3 d5 3. exd5 e4 4. Nd4 Nf6 5. Nc3 Bc5 6. Nb3 Bd6 7. d3 Bf5 8.
dxe4 Nxe4 9. Nxe4 Bxe4 10. Qe2 O-O 11. c4 Re8 12. Be3 Bb4+ 13. Nd2 Qf6 14.
O-O-O Bg6 15. Nb3 a5 16. Qf3 a4 17. Qxf6 axb3 18. Qxg6 bxa2 19. Qb1 a1=Q 20.
Qxa1 Rxa1+ 21. Kc2 Rxd1 22. Kxd1 Nd7 23. Bd3 Ne5 24. Be2 c6 25. dxc6 Nxc6 26.
Kc2 h6 27. Rd1 Re7 28. Bf3 Ne5 29. Rd8+ Kh7 30. Be4+ g6 31. Bd5 Ba5 32. Rb8 Rc7
33. Bd4 f6 34. Bxe5 fxe5 35. Rxb7 Rxb7 36. Bxb7 Kg7 37. Kb3 Kf6 38. Ka4 Bd8 39.
b4 Ke6 40. c5 Kd7 41. Be4 Kc7 42. b5 g5 43. b6+ Kb8 44. Kb5 Be7 45. c6 Bd6 46.
c7+ Bxc7 47. bxc7+ Kxc7 48. Kc5 Kd7 49. Kd5 Ke7 50. Kxe5 Kf7 51. Kf5 Kg7 52.
Kg4 Kf6 53. Kh5 Kg7 54. f3 g4 55. fxg4 Kf6 56. Kxh6 Ke5 57. g5 Kxe4 58. g6 Ke3
59. g7 Kf2 60. g8=Q Kg1 61. Kh5 Kh1 62. g4 Kg2 63. Qa2+ Kh3 64. Kg6 Kh4 65. Kf7
Kh3 66. g5 Kh4 67. g6 Kh5 68. g7 Kh6 69. g8=Q Kh5 70. Qd5+ Kh6 71. Qdg5# {
Normal} 1-0

[Event "Rated Blitz game"]
[Site "?"]
[Date "2021.05.10"]
[Round "?"]
[White "JamesLebron"]
[Black "Din-don-dan"]
[Result "1-0"]
[WhiteElo "2590"]
[BlackElo "2427"]
[PlyCount "57"]
[EventDate "2021.??.??"]
[EventType "blitz"]

1. e4 e5 2. Nf3 d5 3. Nxe5 Nf6 4. exd5 Bd6 5. d4 O-O 6. Bd3 Nbd7 7. Nxd7 Bxd7
8. O-O h6 9. c3 Nxd5 10. h3 Nf6 11. Nd2 Re8 12. Nc4 Bf8 13. Re1 Bb5 14. Ne5
Bxd3 15. Nxd3 Rxe1+ 16. Qxe1 Qd5 17. Bf4 Re8 18. Qd2 c6 19. b3 Ne4 20. Qc2 g5
21. Be5 f6 22. Bh2 Bd6 23. Bxd6 Nxd6 24. Nc5 b6 25. Qg6+ Kf8 26. Qxh6+ Ke7 27.
Re1+ Kd8 28. Qxf6+ Kc7 29. Qg7+ {Normal} 1-0

[Event "Rated Blitz game"]
[Site "?"]
[Date "2021.05.10"]
[Round "?"]
[White "MityshevS"]
[Black "blastol"]
[Result "1-0"]
[WhiteElo "2314"]
[BlackElo "2406"]
[PlyCount "71"]
[EventDate "2021.??.??"]
[EventType "blitz"]

1. e4 e5 2. Nf3 d5 3. Nc3 dxe4 4. Nxe4 f5 5. Nc3 e4 6. Ne5 Nf6 7. d4 Bd6 8. Bf4
Nc6 9. Qd2 Qe7 10. Nxc6 bxc6 11. Bc4 Rb8 12. O-O-O Ba3 13. Bb3 Bb4 14. Qe3 Ng4
15. Qg3 Bxc3 16. bxc3 Qa3+ 17. Kb1 Be6 18. Bxc7 Bxb3 19. cxb3 Rxb3+ 20. axb3
Qxb3+ 21. Kc1 e3 22. Rd3 Qa3+ 23. Kc2 Qa2+ 24. Kc1 Qa1+ 25. Kc2 Qxh1 26. Qd6
Kf7 27. Qd7+ Kg6 28. Qe6+ Kg5 29. f4+ Kh4 30. Rxe3 Qxg2+ 31. Re2 Qd5 32. Qe7+
Kh3 33. Qg5 h5 34. Bd8 Nf6 35. Bxf6 gxf6 36. Qg3# {Normal} 1-0

[Event "Rated Blitz game"]
[Site "?"]
[Date "2021.05.10"]
[Round "?"]
[White "Moskva2117"]
[Black "Slimslik02"]
[Result "0-1"]
[WhiteElo "2412"]
[BlackElo "2312"]
[PlyCount "24"]
[EventDate "2021.??.??"]
[EventType "blitz"]

1. e4 e5 2. Nf3 d5 3. exd5 e4 4. Qe2 Nf6 5. d3 Bb4+ 6. Nbd2 O-O 7. c3 exf3 8.
Nxf3 Re8 9. Be3 Bc5 10. d4 Bd6 11. c4 Bb4+ 12. Nd2 Ne4 {Normal} 0-1

[Event "Rated Blitz game"]
[Site "?"]
[Date "2021.05.10"]
[Round "?"]
[White "Buzilo"]
[Black "anjaya01"]
[Result "1-0"]
[WhiteElo "2386"]
[BlackElo "2400"]
[PlyCount "77"]
[EventDate "2021.??.??"]
[EventType "blitz"]

1. e4 e5 2. Nf3 d5 3. exd5 Bd6 4. d4 e4 5. Ne5 Nf6 6. Bb5+ Kf8 7. Nc3 a6 8. Ba4
Bf5 9. O-O h6 10. f3 exf3 11. Qxf3 Bh7 12. Bxh6 gxh6 13. Qxf6 Qxf6 14. Rxf6 Bg8
15. Raf1 Rh7 16. Ne4 b5 17. Bb3 a5 18. a4 Bxe5 19. dxe5 Nd7 20. R6f5 bxa4 21.
Bxa4 Nb6 22. Bc6 Rd8 23. Nf6 Rg7 24. b3 Bh7 25. R5f2 Bg6 26. h4 h5 27. c4 a4
28. c5 Bd3 29. cxb6 Bxf1 30. bxc7 Rc8 31. Rxf1 Rxc7 32. bxa4 Rg3 33. Rb1 Re3
34. Rb8+ Kg7 35. Ne8+ Kg6 36. Nxc7 Rxe5 37. d6 Re1+ 38. Kh2 Rd1 39. d7 {Normal}
1-0

[Event "Rated Blitz game"]
[Site "?"]
[Date "2021.05.10"]
[Round "?"]
[White "chicogrande"]
[Black "Slimslik02"]
[Result "0-1"]
[WhiteElo "2414"]
[BlackElo "2329"]
[PlyCount "34"]
[EventDate "2021.??.??"]
[EventType "blitz"]

1. e4 e5 2. Nf3 d5 3. exd5 e4 4. Nd4 Qxd5 5. Nb3 Bd6 6. Nc3 Qe5 7. Bc4 Nf6 8.
Qe2 Bg4 9. Qe3 Nc6 10. h3 Bh5 11. Nb5 a6 12. Nxd6+ cxd6 13. d4 exd3 14. Bxd3
O-O 15. O-O Rfe8 16. Qb6 Rab8 17. Be3 Nd5 {Normal} 0-1

[Event "Rated Blitz game"]
[Site "?"]
[Date "2021.05.10"]
[Round "?"]
[White "Ajedrez_Guerrero"]
[Black "KamranShirazi"]
[Result "0-1"]
[WhiteElo "2439"]
[BlackElo "2523"]
[PlyCount "50"]
[EventDate "2021.??.??"]
[EventType "blitz"]

1. e4 e5 2. Nf3 d5 3. Nxe5 Bd6 4. d4 dxe4 5. Bc4 Bxe5 6. Qh5 Qe7 7. Qxe5 Qxe5
8. dxe5 Nc6 9. Bf4 Nd4 10. Na3 Be6 11. O-O-O Bxc4 12. Rxd4 Be6 13. Nb5 Rc8 14.
Rhd1 f5 15. exf6 Nxf6 16. Nxc7+ Kf7 17. Nb5 Rc6 18. Nd6+ Kg6 19. b3 h5 20. c4
a6 21. h3 b5 22. Kd2 bxc4 23. bxc4 Rb8 24. Kc3 a5 25. Nb5 Rxb5 {Normal} 0-1

[Event "Rated Blitz game"]
[Site "?"]
[Date "2021.05.10"]
[Round "?"]
[White "angelgab"]
[Black "KamranShirazi"]
[Result "0-1"]
[WhiteElo "2433"]
[BlackElo "2524"]
[PlyCount "34"]
[EventDate "2021.??.??"]
[EventType "blitz"]

1. e4 e5 2. Nf3 d5 3. exd5 e4 4. Ng1 Qxd5 5. Nc3 Qe5 6. Qe2 Nf6 7. Nf3 Qe7 8.
Ng5 Nc6 9. Ngxe4 Be6 10. Nxf6+ Qxf6 11. Ne4 Qg6 12. c3 O-O-O 13. d4 Bb4 14. Bd2
Rhe8 15. O-O-O Bxa2 16. Re1 f5 17. cxb4 Nxd4 {Normal} 0-1